[Event "Nordic-ch U18 Girls"]
[Site "Oslo"]
[Date "2022.05.13"]
[Round "1"]
[White "Ostensson, Julia"]
[Black "Hina, Ariza"]
[Result "1-0"]
[WhiteElo "1748"]
[BlackElo "1574"]
[PlyCount "89"]
[EventDate "2022.05.13"]
[EventType "swiss"]
[EventRounds "5"]
[EventCountry "NOR"]
[SourceTitle "EXT 2024"]
[Source "ChessBase"]
[SourceDate "2023.10.10"]
[SourceVersion "1"]
[SourceVersionDate "2023.10.10"]
[SourceQuality "1"]

1. e4 e5 2. Nf3 Nc6 3. Bb5 Nf6 4. d3 d6 5. c3 Be7 6. h3 a6 7. Ba4 b5 8. Bc2 0-0 9. a4 Bb7 10. 0-0 Nd7 11. Re1 f5 12. exf5 Rxf5 13. d4 Rf8 14. Qd3 g6 15. Bh6 Rf6 16. Bb3+ Kh8 17. Ng5 Bf8 18. Bxf8 Qxf8 19. Ne6 Qc8 20. axb5 axb5 21. Rxa8 Bxa8 22. Qxb5 Nb6 23. d5 Na7 24. Qa5 Bxd5 25. Bxd5 Nxd5 26. Qxd5 Rxe6 27. Nd2 Qe8 28. Qb7 Nb5 29. c4 Nd4 30. Qxc7 Qf8 31. Ne4 Nf5 32. b4 Re7 33. Qc6 Rf7 34. Ra1 Kg7 35. b5 Nd4 36. Qxd6 Ne2+ 37. Kh1 Qxd6 38. Nxd6 Rxf2 39. Ra7+ Kg8 40. b6 Rf8 41. g4 Nd4 42. b7 Nc6 43. Ra8 Kg7 44. Rc8 Nb8 45. Ne8+ 1-0

[Event "Bergen Grand Prix op"]
[Site "Bergen"]
[Date "2021.11.26"]
[Round "1"]
[White "Hina, Ariza"]
[Black "Myagmarsuren, Evsuld"]
[Result "0-1"]
[WhiteElo "1596"]
[BlackElo "1808"]
[PlyCount "98"]
[EventDate "2021.11.26"]
[EventType "swiss"]
[EventRounds "5"]
[EventCountry "NOR"]
[SourceTitle "CBM 205 Extra"]
[Source "ChessBase"]
[SourceDate "2022.01.31"]
[SourceVersion "1"]
[SourceVersionDate "2022.01.31"]
[SourceQuality "1"]

1. e4 c5 2. Nc3 a6 3. g3 d6 4. Bg2 g6 5. Nge2 Bg7 6. d3 Nc6 7. 0-0 e6 8. Be3 Nge7 9. d4 cxd4 10. Nxd4 0-0 11. Qd2 Qc7 12. Nce2 b6 13. c3 Bb7 14. Bh6 Rfd8 15. Bxg7 Kxg7 16. Rad1 d5 17. Qc2 Nxd4 18. Nxd4 e5 19. Ne2 d4 20. Qb1 Qc4 21. Rd3 dxc3 22. Rxd8 c2 23. Qc1 Rxd8 24. Nc3 b5 25. Re1 b4 26. Na4 Qd3 27. Bf1 Qd1 28. Be2 Qxc1 29. Rxc1 Bxe4 30. Nc5 Rd2 31. Kf1 Bf5 32. g4 Nc6 33. Nb3 Rxe2 34. Kxe2 Bxg4+ 35. f3 Bf5 36. Nc5 a5 37. Ke3 Kf6 38. f4 exf4+ 39. Kxf4 g5+ 40. Ke3 Ke5 41. Rf1 Nd4 42. Nd3+ Bxd3 43. Kxd3 f5 44. Re1+ Kd5 45. Rf1 h5 46. h3 g4 47. hxg4 hxg4 48. Ke3 f4+ 49. Kd3 g3 0-1

[Event "Straume Bronstein Cup"]
[Site "Straume"]
[Date "2020.10.25"]
[Round "3"]
[White "Rasmussen, Jonas H"]
[Black "Hina, Ariza"]
[Result "1-0"]
[WhiteElo "1734"]
[BlackElo "1516"]
[PlyCount "55"]
[EventDate "2020.10.25"]
[EventType "swiss (rapid)"]
[EventRounds "6"]
[EventCountry "NOR"]
[SourceTitle "EXT 2024"]
[Source "ChessBase"]
[SourceDate "2023.10.10"]
[SourceVersion "1"]
[SourceVersionDate "2023.10.10"]
[SourceQuality "1"]

1. d4 d5 2. Nf3 Nf6 3. g3 c6 4. Bg2 Nbd7 5. 0-0 e6 6. b3 Bd6 7. c4 e5 8. dxe5 Nxe5 9. Bb2 Nxf3+ 10. exf3 0-0 11. cxd5 Nxd5 12. Nd2 Be6 13. Ne4 Be7 14. Qe2 Qa5 15. f4 Ba3 16. Bd4 Rad8 17. Rfd1 Be7 18. Ng5 Bf5 19. Bxd5 Bxg5 20. Bxf7+ Rxf7 21. fxg5 Bg6 22. h4 Rfd7 23. Be3 Rxd1+ 24. Rxd1 Rxd1+ 25. Qxd1 Qxa2 26. Qd8+ Kf7 27. Qd7+ Kg8 28. Qe6+ 1-0

[Event "Fagernes op"]
[Site "Fagernes"]
[Date "2020.10.05"]
[Round "2"]
[White "Hina, Ariza"]
[Black "Gasland, Lukas Dominik"]
[Result "1-0"]
[WhiteElo "1614"]
[BlackElo "1320"]
[PlyCount "77"]
[EventDate "2020.10.04"]
[EventType "swiss"]
[EventRounds "9"]
[EventCountry "NOR"]
[SourceTitle "EXT 2024"]
[Source "ChessBase"]
[SourceDate "2023.10.10"]
[SourceVersion "1"]
[SourceVersionDate "2023.10.10"]
[SourceQuality "1"]

1. e4 c6 2. d4 d5 3. Nc3 dxe4 4. Nxe4 Bf5 5. Ng3 Bg6 6. Nh3 Nf6 7. Nf4 e6 8. h4 Bd6 9. h5 Bf5 10. Nxf5 Qa5+ 11. Bd2 Qxf5 12. Bd3 Qg4 13. Qxg4 Nxg4 14. f3 Nf6 15. 0-0-0 Nbd7 16. g4 0-0-0 17. h6 g6 18. Nh3 Nb6 19. Ng5 Rd7 20. Ne4 Nbd5 21. Nxd6+ Rxd6 22. c4 Nc7 23. Bf4 Rhd8 24. Bxd6 Rxd6 25. Be4 Rd7 26. Kc2 g5 27. Kd3 Nce8 28. Ke3 Nd6 29. Bd3 Re7 30. b3 b5 31. cxb5 cxb5 32. Rc1+ Kb7 33. Rc5 Nd5+ 34. Kf2 a6 35. Bxh7 f5 36. Bg8 Nf6 37. h7 fxg4 38. h8Q gxf3 39. Kxf3 1-0

[Event "Straume Bronstein Cup A"]
[Site "Straume"]
[Date "2019.10.27"]
[Round "4"]
[White "Borlaug, Jonas Kleppe"]
[Black "Hina, Ariza"]
[Result "1/2-1/2"]
[WhiteElo "1391"]
[BlackElo "1444"]
[PlyCount "125"]
[EventDate "2019.10.27"]
[EventType "swiss (rapid)"]
[EventRounds "6"]
[EventCountry "NOR"]
[SourceTitle "EXT 2024"]
[Source "ChessBase"]
[SourceDate "2023.10.10"]
[SourceVersion "1"]
[SourceVersionDate "2023.10.10"]
[SourceQuality "1"]

1. e4 e5 2. Nf3 Nc6 3. Bc4 Nf6 4. c3 Bc5 5. d3 d6 6. Bg5 h6 7. Be3 Bb6 8. Nbd2 Na5 9. Bb5+ Bd7 10. Bxd7+ Qxd7 11. 0-0 Nc6 12. Nc4 0-0 13. h3 Bxe3 14. fxe3 Nh5 15. Nfxe5 dxe5 16. Qxh5 Qxd3 17. Nxe5 Qxe3+ 18. Kh1 Nxe5 19. Qxe5 Rae8 20. Qxc7 Qxe4 21. Rf3 Re7 22. Qg3 Rd8 23. Rf2 Qe3 24. Rf3 Qd2 25. Rf2 Re2 26. Raf1 Rxf2 27. Rxf2 Qe1+ 28. Kh2 Rd1 29. Qf3 Qe5+ 30. g3 Rd7 31. Re2 Qd5 32. Qxd5 Rxd5 33. h4 Kf8 34. Kh3 f5 35. Rf2 Ke7 36. Rf4 Kf6 37. Rb4 b6 38. Rc4 Rd6 39. a4 g5 40. hxg5+ hxg5 41. b4 a6 42. Kg2 Ke5 43. Rc8 f4 44. gxf4+ Kxf4 45. Rc4+ Ke3 46. Rg4 Kd3 47. c4 Rd4 48. Rxg5 Rxc4 49. a5 Rxb4 50. axb6 Rxb6 51. Ra5 Kc3 52. Kf3 Kb4 53. Ra1 Rc6 54. Ke4 a5 55. Kd4 Rd6+ 56. Ke5 Rd8 57. Rb1+ Ka4 58. Ra1+ Kb4 59. Rb1+ Kc5 60. Rc1+ Kb5 61. Rb1+ Ka6 62. Ra1 Kb5 63. Ke4 1/2-1/2

[Event "Straume Bronstein Cup A"]
[Site "Straume"]
[Date "2019.10.27"]
[Round "6"]
[White "Nordnes, Tor Gunnar"]
[Black "Hina, Ariza"]
[Result "0-1"]
[WhiteElo "1755"]
[BlackElo "1444"]
[PlyCount "100"]
[EventDate "2019.10.27"]
[EventType "swiss (rapid)"]
[EventRounds "6"]
[EventCountry "NOR"]
[SourceTitle "EXT 2024"]
[Source "ChessBase"]
[SourceDate "2023.10.10"]
[SourceVersion "1"]
[SourceVersionDate "2023.10.10"]
[SourceQuality "1"]

1. c4 c5 2. Nc3 Nc6 3. d3 g6 4. Bd2 Bg7 5. Rb1 e6 6. a3 a5 7. g3 Nge7 8. Bg2 d5 9. cxd5 exd5 10. Nb5 0-0 11. Bf4 Be6 12. Qc1 Nf5 13. Qxc5 Nfd4 14. e3 Nxb5 15. Qxb5 Qe7 16. Nf3 Bf5 17. 0-0 Rfd8 18. Rbd1 Bg4 19. h4 h6 20. e4 Bxf3 21. Bxf3 Nd4 22. Qa4 Nxf3+ 23. Kg2 Ne5 24. d4 Nc6 25. e5 Kh7 26. Rfe1 Qe6 27. h5 Ne7 28. hxg6+ fxg6 29. Rh1 Qg4 30. Qc2 Rac8 31. Qd2 h5 32. Rh4 Qf5 33. g4 Qe4+ 34. f3 Qc2 35. gxh5 Qxd2+ 36. Rxd2 Nf5 37. hxg6+ Kxg6 38. Rg4+ Kf7 39. Rg5 Ne7 40. Re2 Bh6 41. Rg4 Bxf4 42. Rxf4+ Ke6 43. Rf6+ Kd7 44. e6+ Kd6 45. Kf2 Rf8 46. Rh6 Rh8 47. Rxh8 Rxh8 48. Ke1 Rh6 49. f4 Rxe6 50. Re5 Nc6 0-1

[Event "Sotra Youth A"]
[Site "Straume"]
[Date "2019.09.01"]
[Round "4"]
[White "Hina, Ariza"]
[Black "Eriksen, Olai Dyrhaug"]
[Result "1/2-1/2"]
[WhiteElo "1737"]
[BlackElo "1499"]
[PlyCount "43"]
[EventDate "2019.08.31"]
[EventType "swiss"]
[EventRounds "5"]
[EventCountry "NOR"]
[SourceTitle "EXT 2024"]
[Source "ChessBase"]
[SourceDate "2023.10.10"]
[SourceVersion "1"]
[SourceVersionDate "2023.10.10"]
[SourceQuality "1"]

1. e4 c6 2. d4 d5 3. Nc3 dxe4 4. Nxe4 Bf5 5. Ng3 Bg6 6. Nh3 Nf6 7. Nf4 e5 8. Nxg6 hxg6 9. dxe5 Qxd1+ 10. Kxd1 Ng4 11. Ke1 Nxe5 12. Bf4 Nbd7 13. Be2 Bd6 14. Be3 Nf6 15. Rd1 0-0-0 16. Bxa7 Nd5 17. Ne4 Bc7 18. Bd4 Rhe8 19. f3 f5 20. Ng3 Nb4 21. c3 Nbd3+ 22. Kf1 1/2-1/2

[Event "Helsinki U20 Girls"]
[Site "Helsinki"]
[Date "2019.08.17"]
[Round "8"]
[White "Hina, Ariza"]
[Black "Narva, Mai"]
[Result "0-1"]
[WhiteElo "1737"]
[BlackElo "2358"]
[PlyCount "102"]
[EventDate "2019.08.14"]
[EventType "tourn"]
[EventRounds "9"]
[EventCountry "FIN"]
[SourceTitle "CBM 191 Extra"]
[Source "ChessBase"]
[SourceDate "2019.09.30"]
[SourceVersion "1"]
[SourceVersionDate "2019.09.30"]
[SourceQuality "1"]

1. e4 c5 2. Nc3 Nc6 3. f4 g6 4. Nf3 Bg7 5. Bb5 Nd4 6. Bc4 e6 7. d3 Ne7 8. a3 d5 9. Ba2 0-0 10. 0-0 b6 11. Bd2 Bb7 12. Kh1 Nxf3 13. Rxf3 dxe4 14. dxe4 Bxc3 15. Bxc3 Bxe4 16. Rf2 Qxd1+ 17. Rxd1 Nd5 18. Bxd5 exd5 19. Bf6 Rfe8 20. c3 a5 21. Kg1 Re6 22. Bh4 h5 23. Rfd2 Kg7 24. Bf2 Rf6 25. Be3 Re8 26. Re1 a4 27. g3 Rfe6 28. Bf2 Kf6 29. Re3 Ke7 30. Kf1 Kd6 31. Ke1 Kc6 32. Kd1 Kb5 33. Kc1 Kc4 34. Re1 Rf6 35. Bg1 h4 36. Bf2 hxg3 37. Bxg3 b5 38. h4 Rfe6 39. Ree2 d4 40. cxd4 cxd4 41. Rh2 Bf3 42. Kb1 Re1+ 43. Bxe1 Rxe1+ 44. Ka2 d3 45. Rh3 Be4 46. h5 gxh5 47. Rxh5 Kd4 48. Rxb5 Ke3 49. Rh2 d2 50. Rxd2 Bb1+ 51. Ka1 Bc2+ 0-1

[Event "Helsinki U20 Girls"]
[Site "Helsinki"]
[Date "2019.08.14"]
[Round "1"]
[White "Hina, Ariza"]
[Black "Diakonova, Ekaterina"]
[Result "0-1"]
[WhiteElo "1737"]
[BlackElo "2209"]
[PlyCount "130"]
[EventDate "2019.08.14"]
[EventType "tourn"]
[EventRounds "9"]
[EventCountry "FIN"]
[SourceTitle "CBM 191 Extra"]
[Source "ChessBase"]
[SourceDate "2019.09.30"]
[SourceVersion "1"]
[SourceVersionDate "2019.09.30"]
[SourceQuality "1"]

1. e4 c6 2. d4 d5 3. Nc3 dxe4 4. Nxe4 Bf5 5. Ng3 Bg6 6. Nh3 e6 7. Nf4 Qh4 8. Be3 Bd6 9. Nxg6 hxg6 10. Be2 Bxg3 11. fxg3 Qe4 12. Bf2 Qxg2 13. Bf3 Qh3 14. Qd3 Nd7 15. Qb3 0-0-0 16. 0-0-0 g5 17. d5 exd5 18. Bxa7 Nb8 19. Bb6 Rd7 20. Qe3 Nf6 21. Qxg5 Qh6 22. Qxh6 Rxh6 23. g4 Ne4 24. Rde1 Re7 25. g5 Rh4 26. h3 Nd7 27. Bd4 Ne5 28. Bxe4 dxe4 29. Rhf1 Rxh3 30. Rxe4 f6 31. gxf6 gxf6 32. Bxe5 Rxe5 33. Rxe5 fxe5 34. Re1 Rh5 35. Kd2 Kc7 36. Kd3 Kd6 37. Kc4 Rh4+ 38. Kd3 Kd5 39. c4+ Kd6 40. b4 b5 41. cxb5 cxb5 42. a3 Rh3+ 43. Ke4 Rh4+ 44. Kf5 Rf4+ 45. Kg5 Rf2 46. Kg4 Kd5 47. Kg3 Rc2 48. Rd1+ Kc4 49. Kf3 Rc3+ 50. Ke4 Rxa3 51. Rc1+ Kxb4 52. Kxe5 Rc3 53. Rb1+ Kc4 54. Ra1 b4 55. Ra8 Re3+ 56. Kd6 Kc3 57. Kc5 Re5+ 58. Kd6 Rh5 59. Rc8+ Kb2 60. Rb8 b3 61. Rb7 Kc2 62. Rc7+ Kb1 63. Rb7 b2 64. Ra7 Rh3 65. Kd5 Kc2 0-1

[Event "Bergen Sommer Super-NGP A"]
[Site "Bergen"]
[Date "2019.07.31"]
[Round "7"]
[White "Hina, Ariza"]
[Black "Fossan, Andreas"]
[Result "0-1"]
[WhiteElo "1651"]
[BlackElo "2023"]
[PlyCount "46"]
[EventDate "2019.07.29"]
[EventType "swiss"]
[EventRounds "9"]
[EventCountry "NOR"]
[SourceTitle "EXT 2024"]
[Source "ChessBase"]
[SourceDate "2023.10.10"]
[SourceVersion "1"]
[SourceVersionDate "2023.10.10"]
[SourceQuality "1"]

1. e4 c6 2. d4 d5 3. Nc3 dxe4 4. Nxe4 Nf6 5. Nxf6+ exf6 6. c3 Bd6 7. Be3 0-0 8. Be2 Re8 9. Nf3 Bg4 10. 0-0 Nd7 11. h3 Bh5 12. Qc2 Nf8 13. Rae1 Bc7 14. Nh2 Qd6 15. g3 Bg6 16. Bd3 Qd7 17. Kg2 Qd5+ 18. Nf3 Bh5 19. g4 Ng6 20. Be4 Rxe4 21. c4 Rxg4+ 22. hxg4 Nh4+ 23. Kg1 Qxf3 0-1

[Event "Helsingor Xtracon op"]
[Site "Helsingor"]
[Date "2019.07.28"]
[Round "10"]
[White "Hina, Ariza"]
[Black "Nielsen, Palle"]
[Result "1/2-1/2"]
[WhiteElo "1651"]
[BlackElo "1806"]
[PlyCount "78"]
[EventDate "2019.07.20"]
[EventType "swiss"]
[EventRounds "10"]
[EventCountry "DEN"]
[SourceTitle "CBM 191 Extra"]
[Source "ChessBase"]
[SourceDate "2019.09.30"]
[SourceVersion "1"]
[SourceVersionDate "2019.09.30"]
[SourceQuality "1"]

1. e4 e5 2. Nc3 Bc5 3. f4 d6 4. Nf3 Nc6 5. Bc4 h6 6. Na4 Bg4 7. Nxc5 dxc5 8. d3 Qf6 9. h3 Bxf3 10. Qxf3 Nd4 11. Qf2 b5 12. Bb3 a5 13. c3 Nxb3 14. axb3 Qd6 15. 0-0 f6 16. fxe5 Qxe5 17. Bf4 Qe7 18. Be3 Qd7 19. Bxc5 Ne7 20. Bxe7 Qxe7 21. Qf5 Qd7 22. Qxd7+ Kxd7 23. Rf5 c6 24. Kf2 Rhe8 25. Ke3 Re6 26. g4 g6 27. Rf3 c5 28. h4 Ke7 29. h5 Re5 30. Rh3 Kf7 31. hxg6+ Kxg6 32. Rah1 Rh8 33. Rh5 Rg5 34. Kf3 Rh7 35. Kg3 Rh8 36. Rxg5+ fxg5 37. Kf3 Rf8+ 38. Ke3 Rf4 39. Rg1 Kf6 1/2-1/2

[Event "Helsingor Xtracon op"]
[Site "Helsingor"]
[Date "2019.07.25"]
[Round "7"]
[White "Hina, Ariza"]
[Black "Lodahl, Holger Ronnow"]
[Result "1/2-1/2"]
[WhiteElo "1651"]
[BlackElo "1859"]
[PlyCount "59"]
[EventDate "2019.07.20"]
[EventType "swiss"]
[EventRounds "10"]
[EventCountry "DEN"]
[SourceTitle "CBM 191 Extra"]
[Source "ChessBase"]
[SourceDate "2019.09.30"]
[SourceVersion "1"]
[SourceVersionDate "2019.09.30"]
[SourceQuality "1"]

1. e4 c5 2. Nc3 Nc6 3. f4 g6 4. Nf3 Bg7 5. Bb5 Nd4 6. Bc4 e6 7. d3 Ne7 8. a3 a6 9. 0-0 0-0 10. Ne2 Nxf3+ 11. Rxf3 b5 12. Bb3 Bb7 13. Ng3 Nc6 14. Rf1 Rc8 15. f5 Na5 16. Qg4 Nxb3 17. cxb3 c4 18. bxc4 bxc4 19. Qf4 exf5 20. exf5 Rc6 21. dxc4 d5 22. cxd5 Qxd5 23. Be3 Rc3 24. Rf2 Rxe3 25. Qxe3 Bd4 26. Qf3 Qxf3 27. gxf3 Bxf3 28. Kf1 Bxf2 29. Kxf2 Bg4 30. fxg6 1/2-1/2

[Event "Helsingor Xtracon op"]
[Site "Helsingor"]
[Date "2019.07.22"]
[Round "4"]
[White "Andersen, Daniel"]
[Black "Hina, Ariza"]
[Result "0-1"]
[WhiteElo "1864"]
[BlackElo "1651"]
[PlyCount "78"]
[EventDate "2019.07.20"]
[EventType "swiss"]
[EventRounds "10"]
[EventCountry "DEN"]
[SourceTitle "CBM 191 Extra"]
[Source "ChessBase"]
[SourceDate "2019.09.30"]
[SourceVersion "1"]
[SourceVersionDate "2019.09.30"]
[SourceQuality "1"]

1. d4 d5 2. c4 e6 3. Nf3 Nf6 4. g3 Nbd7 5. Qc2 Be7 6. Bg2 0-0 7. 0-0 c6 8. Nbd2 b6 9. e4 dxc4 10. Nxc4 Bb7 11. Nce5 c5 12. Nxd7 Qxd7 13. Ne1 Qxd4 14. Bg5 Qd7 15. Rd1 Qc7 16. Bxf6 Bxf6 17. Nf3 Rad8 18. e5 Bxf3 19. Rxd8 Rxd8 20. exf6 Bxg2 21. Kxg2 gxf6 22. Qa4 Rd4 23. Qb3 Qd7 24. Qe3 Kg7 25. a3 Rd1 26. Qf4 Qd5+ 27. Kg1 Rxf1+ 28. Kxf1 Qg5 29. Qc4 Qh5 30. Qa4 Qe5 31. Qg4+ Kf8 32. Qa4 Qxb2 33. Qxa7 c4 34. Qb8+ Kg7 35. Qf4 c3 36. Qg4+ Kf8 37. Qd4 Qxa3 38. Qxf6 Qc1+ 39. Kg2 Qd2 0-1

[Event "Helsingor Xtracon op"]
[Site "Helsingor"]
[Date "2019.07.20"]
[Round "1"]
[White "Hina, Ariza"]
[Black "Molvig, Henrik"]
[Result "1/2-1/2"]
[WhiteElo "1651"]
[BlackElo "2099"]
[PlyCount "73"]
[EventDate "2019.07.20"]
[EventType "swiss"]
[EventRounds "10"]
[EventCountry "DEN"]
[SourceTitle "CBM 191 Extra"]
[Source "ChessBase"]
[SourceDate "2019.09.30"]
[SourceVersion "1"]
[SourceVersionDate "2019.09.30"]
[SourceQuality "1"]

1. e4 c5 2. Nc3 d6 3. f4 g6 4. Nf3 Bg7 5. Bb5+ Nc6 6. Bxc6+ bxc6 7. d3 Nf6 8. 0-0 0-0 9. Qe1 Ne8 10. f5 gxf5 11. Qg3 e5 12. exf5 f6 13. Bh6 Rb8 14. b3 Rb7 15. Ne4 Kh8 16. Bxg7+ Rxg7 17. Qh3 Nc7 18. Nh4 Nd5 19. Kh1 Qe7 20. Qf3 Nf4 21. g3 Nh3 22. Qh5 Kg8 23. Nf3 d5 24. Qxh3 dxe4 25. dxe4 c4 26. Qg2 Ba6 27. Rfd1 Qb4 28. Qd2 c3 29. Qe3 Rg4 30. Re1 c5 31. a3 Qb7 32. Kg2 Rd8 33. Red1 Rxd1 34. Rxd1 Rxe4 35. Qxc5 Re2+ 36. Kg1 Qb6 37. Qxb6 1/2-1/2

[Event "NOR-ch (Women)"]
[Site "Baerum"]
[Date "2019.03.17"]
[Round "5"]
[White "Hina, Ariza"]
[Black "Bjorkly, Sara Marie Skaug"]
[Result "1-0"]
[WhiteElo "1594"]
[BlackElo "1368"]
[PlyCount "91"]
[EventDate "2019.03.15"]
[EventType "swiss"]
[EventRounds "5"]
[EventCountry "NOR"]
[SourceTitle "CBM 189 Extra"]
[Source "ChessBase"]
[SourceDate "2019.06.03"]
[SourceVersion "1"]
[SourceVersionDate "2019.06.03"]
[SourceQuality "1"]

1. e4 d5 2. exd5 Nf6 3. Nc3 Nxd5 4. Bc4 Nxc3 5. bxc3 e6 6. Nf3 Nd7 7. d3 g6 8. 0-0 Bg7 9. Bg5 Nf6 10. Qd2 h6 11. Be3 Qd6 12. Rfe1 g5 13. h3 b6 14. Nd4 e5 15. Bb5+ Bd7 16. Nf5 Qf8 17. Bd4 Bxb5 18. Rxe5+ Kd7 19. Rxb5 c5 20. Nxg7 Qxg7 21. Bxf6 Qxf6 22. Re1 Kc6 23. Rbb1 Rhe8 24. Kf1 Re6 25. Rxe6+ Qxe6 26. c4 Re8 27. Re1 Qxe1+ 28. Qxe1 Rxe1+ 29. Kxe1 Kd6 30. Ke2 Ke5 31. c3 f5 32. a4 a5 33. Ke3 f4+ 34. Kf3 h5 35. g3 Kf5 36. gxf4 gxf4 37. d4 cxd4 38. cxd4 h4 39. d5 Ke5 40. Kg4 b5 41. cxb5 Kxd5 42. Kxf4 Kc5 43. Kg4 Kb4 44. b6 Kxa4 45. b7 Ka3 46. b8Q 1-0

[Event "NOR-ch (Women)"]
[Site "Baerum"]
[Date "2019.03.16"]
[Round "3"]
[White "Hina, Ariza"]
[Black "Lotz, Corinna"]
[Result "1-0"]
[WhiteElo "1594"]
[BlackElo "1334"]
[PlyCount "127"]
[EventDate "2019.03.15"]
[EventType "swiss"]
[EventRounds "5"]
[EventCountry "NOR"]
[SourceTitle "CBM 189 Extra"]
[Source "ChessBase"]
[SourceDate "2019.06.03"]
[SourceVersion "1"]
[SourceVersionDate "2019.06.03"]
[SourceQuality "1"]

1. e4 d5 2. exd5 Qxd5 3. Nc3 Qa5 4. Bc4 Nf6 5. d3 c6 6. Bd2 e6 7. Nf3 Qc7 8. 0-0 Bd6 9. Qe2 0-0 10. Ne4 Nxe4 11. Qxe4 Nd7 12. Bc3 Nc5 13. Qg4 e5 14. Qh5 Be6 15. Ng5 h6 16. Nxe6 Nxe6 17. Bxe6 fxe6 18. Rae1 Rf5 19. Qg6 Rf6 20. Qg4 Re8 21. Qh5 Ref8 22. Bxe5 Rf5 23. Bxd6 Qxd6 24. Qe2 R8f6 25. Qe3 a6 26. a4 Rg6 27. Re2 Qd5 28. Qe4 Rff6 29. Qxd5 exd5 30. Rfe1 Rf7 31. Re7 Rgf6 32. f3 g5 33. R1e6 Kg7 34. Rxf7+ Rxf7 35. h3 h5 36. Kf2 h4 37. Ke3 c5 38. Re5 d4+ 39. Ke4 b6 40. Rxg5+ Kh6 41. f4 Re7+ 42. Re5 Rg7 43. Kf3 Rg3+ 44. Kf2 Rg6 45. f5 Rf6 46. Re6 Kg5 47. Rxf6 Kxf6 48. g4 hxg3+ 49. Kxg3 Kxf5 50. h4 b5 51. axb5 axb5 52. b3 Kg6 53. Kf4 Kh5 54. Ke5 Kxh4 55. Kd5 c4 56. Kxd4 cxb3 57. cxb3 Kg5 58. Kc5 b4 59. Kxb4 Kf6 60. Kc5 Ke7 61. Kd5 Kd7 62. d4 Kc7 63. Ke6 Kd8 64. d5 1-0

[Event "Masfjorden Grand Prix"]
[Site "Sandnes"]
[Date "2019.02.16"]
[Round "2"]
[White "Haugsdal, Arn Tore"]
[Black "Hina, Ariza"]
[Result "1-0"]
[WhiteElo "1965"]
[BlackElo "1560"]
[PlyCount "79"]
[EventDate "2019.02.15"]
[EventType "swiss"]
[EventRounds "5"]
[EventCountry "NOR"]
[SourceTitle "EXT 2024"]
[Source "ChessBase"]
[SourceDate "2023.10.10"]
[SourceVersion "1"]
[SourceVersionDate "2023.10.10"]
[SourceQuality "1"]

1. e4 e5 2. d4 exd4 3. c3 dxc3 4. Bc4 Nc6 5. Nf3 d6 6. Nxc3 Be7 7. a3 Nf6 8. b4 Bg4 9. Qb3 0-0 10. Bb2 Qd7 11. Rd1 Rae8 12. h3 Be6 13. 0-0 Bxc4 14. Qxc4 Bd8 15. Rfe1 Ne5 16. Nxe5 Rxe5 17. f4 Ree8 18. e5 Nh5 19. g4 Bh4 20. Re3 Ng3 21. Kh2 Qc8 22. Rg1 dxe5 23. fxe5 Rd8 24. Rgxg3 Bxg3+ 25. Kxg3 Rd2 26. Re2 Qd7 27. Ne4 Rxe2 28. Qxe2 Rd8 29. Kf4 Qe6 30. Qc2 Qh6+ 31. Ng5 f6 32. Qc4+ Kh8 33. exf6 gxf6 34. h4 Rd7 35. Qe6 Rd6 36. Qe8+ Kg7 37. Qf7+ Kh8 38. Kf3 Qg7 39. Qe8+ Qg8 40. Nf7+ 1-0

[Event "Masfjorden Grand Prix"]
[Site "Sandnes"]
[Date "2019.02.16"]
[Round "3"]
[White "Hina, Ariza"]
[Black "Mansoor, Afras"]
[Result "0-1"]
[WhiteElo "1560"]
[BlackElo "1999"]
[PlyCount "98"]
[EventDate "2019.02.15"]
[EventType "swiss"]
[EventRounds "5"]
[EventCountry "NOR"]
[SourceTitle "EXT 2024"]
[Source "ChessBase"]
[SourceDate "2023.10.10"]
[SourceVersion "1"]
[SourceVersionDate "2023.10.10"]
[SourceQuality "1"]

1. e4 e5 2. Nf3 Nc6 3. Nc3 Nf6 4. Bb5 Bc5 5. d3 a6 6. Bc4 d6 7. Be3 Bxe3 8. fxe3 0-0 9. 0-0 Na5 10. Bb3 b5 11. Qe1 c5 12. Bd5 Nxd5 13. Nxd5 Be6 14. Nc3 Nc6 15. Qg3 f6 16. Nh4 Qd7 17. Nf5 Ra7 18. Rf2 Kh8 19. Raf1 d5 20. exd5 Bxd5 21. e4 Be6 22. a3 Nd4 23. Ne3 Re8 24. Ncd5 Bxd5 25. Nxd5 f5 26. c3 f4 27. Qh4 Ne6 28. Qh5 Nc7 29. Nxc7 Rxc7 30. Qe2 g5 31. g4 Rd8 32. Rd1 Rc6 33. Qf3 Rd6 34. Rfd2 Qg7 35. Qf2 Qd7 36. Qf3 Qa7 37. Qf2 Qc7 38. d4 Qd7 39. d5 Qxg4+ 40. Kh1 c4 41. Rg1 Qh5 42. Qg2 Rg8 43. Qf2 g4 44. Qc5 Qg6 45. Re2 h5 46. Qc7 h4 47. Qe7 Qf6 48. Qa7 g3 49. Rd2 f3 0-1

[Event "Sotra U14"]
[Site "Sotra"]
[Date "2018.09.02"]
[Round "5"]
[White "Hoyforsslett, Gard Rye"]
[Black "Hina, Ariza"]
[Result "0-1"]
[WhiteElo "1446"]
[BlackElo "1596"]
[PlyCount "58"]
[EventDate "2018.08.31"]
[EventType "tourn"]
[EventRounds "5"]
[EventCountry "NOR"]
[SourceTitle "EXT 2024"]
[Source "ChessBase"]
[SourceDate "2023.10.10"]
[SourceVersion "1"]
[SourceVersionDate "2023.10.10"]
[SourceQuality "1"]

1. e4 e5 2. Nf3 Nc6 3. Bc4 Nf6 4. d3 Bc5 5. 0-0 d6 6. h3 Na5 7. Bb3 Nxb3 8. axb3 0-0 9. Bg5 Kh8 10. Nc3 h6 11. Bh4 Rg8 12. Qd2 Kh7 13. Nd5 g5 14. Nxg5+ hxg5 15. Bxg5 Rg6 16. Nxf6+ Rxf6 17. Bxf6 Qxf6 18. Kh1 Qh4 19. Kh2 Bd7 20. f4 Rg8 21. Rf3 f6 22. fxe5 dxe5 23. Qa5 Bg4 24. Qxc7+ Rg7 25. Qxc5 Bxf3 26. g4 Rxg4 27. Rg1 Rxg1 28. Kxg1 Qg3+ 29. Kf1 Qg2+ 0-1

[Event "Helsingor Xtracon op"]
[Site "Helsingor"]
[Date "2018.07.26"]
[Round "7"]
[White "Yilmaz, Kazim"]
[Black "Hina, Ariza"]
[Result "1/2-1/2"]
[WhiteElo "1669"]
[BlackElo "1483"]
[PlyCount "40"]
[EventDate "2018.07.21"]
[EventType "swiss"]
[EventRounds "10"]
[EventCountry "DEN"]
[SourceTitle "CBM 185 Extra"]
[Source "ChessBase"]
[SourceDate "2018.07.29"]
[SourceVersion "1"]
[SourceVersionDate "2018.07.29"]
[SourceQuality "1"]

1. Nf3 d5 2. d4 Nf6 3. Bf4 c6 4. c3 Bf5 5. e3 e6 6. Bd3 Bxd3 7. Qxd3 Nbd7 8. Nbd2 Be7 9. 0-0 0-0 10. e4 dxe4 11. Nxe4 Nxe4 12. Qxe4 Nf6 13. Qc2 Bd6 14. Bxd6 Qxd6 15. Rfe1 Rac8 16. Ng5 h6 17. Ne4 Nxe4 18. Qxe4 Qd5 19. Qxd5 cxd5 20. f4 Rfe8 1/2-1/2

[Event "Helsingor Xtracon op"]
[Site "Helsingor"]
[Date "2018.07.23"]
[Round "4"]
[White "Hina, Ariza"]
[Black "Andersson, Lars"]
[Result "0-1"]
[WhiteElo "1483"]
[BlackElo "2022"]
[PlyCount "78"]
[EventDate "2018.07.21"]
[EventType "swiss"]
[EventRounds "10"]
[EventCountry "DEN"]
[SourceTitle "CBM 185 Extra"]
[Source "ChessBase"]
[SourceDate "2018.07.29"]
[SourceVersion "1"]
[SourceVersionDate "2018.07.29"]
[SourceQuality "1"]

1. e4 c6 2. d4 d5 3. Nc3 dxe4 4. Nxe4 Bf5 5. Ng3 Bg6 6. Nh3 e6 7. Nf4 Bd6 8. h4 Qc7 9. h5 Bxc2 10. Qxc2 Bxf4 11. Bxf4 Qxf4 12. Bd3 Nf6 13. Be4 Nbd7 14. Rd1 0-0 15. Bf3 Nb6 16. 0-0 Rad8 17. Rd2 Rxd4 18. Rxd4 Qxd4 19. Rd1 Qf4 20. Qc3 Nbd5 21. Bxd5 Nxd5 22. Qb3 b6 23. Qa3 a5 24. Qd3 c5 25. a3 h6 26. Ne4 Qe5 27. Qe2 f5 28. Ng3 Qxe2 29. Nxe2 Kf7 30. Kh2 Kf6 31. Kg3 Kg5 32. Rh1 Rd8 33. f4+ Kf6 34. Rd1 Ke7 35. Kf3 Nf6 36. Rxd8 Kxd8 37. Ng3 Kd7 38. Ke3 Kd6 39. Kd3 Kd5 0-1